La horticultura bonaerense (Registro nro. 16533)

Detalles MARC
000 -LEADER
fixed length control field 00319 a2200109 4500
001 - CONTROL NUMBER
control field ART_3586
005 - DATE AND TIME OF LATEST TRANSACTION
control field 20260410161716.0
008 - FIXED-LENGTH DATA ELEMENTS--GENERAL INFORMATION
fixed length control field 260409a
100 1# - MAIN ENTRY--PERSONAL NAME
Personal name Benencia, Roberto
245 10 - TITLE STATEMENT
Title La horticultura bonaerense
773 0# - HOST ITEM ENTRY
Title Desarrollo económico
Related parts - Vol. 34, Nº 133 (abr./jun. 1994)
Record control number REV1174

No hay ítems disponibles.